| 000 | 00588nam a2200217Ia 4500 | ||
|---|---|---|---|
| 003 | GCL | ||
| 008 | 140319s9999 xx 000 0 eng d | ||
| 040 |
_aGCL / _cGCL |
||
| 082 | 0 | 4 |
_a708.91 _bI M |
| 100 | 1 | _aIPSIROGLU, MAZHAR S | |
| 245 | 1 | 0 |
_aMASTERPIECES FROM THE TOPHAPI MUSEUM: PAINTING AND MINIATURR / _cIPSIROGLU, MAZHAR S |
| 260 |
_a[S.N] : _bTHAMES AND HUDSON ، _c1980 |
||
| 300 | _a150 P | ||
| 650 | 0 | 4 | _aTURKEY |
| 650 | 0 | 4 | _aISLAM |
| 650 | 0 | 4 | _aOTTOMAN EMPIRE |
| 650 | 0 | 4 | _aPERSIAN - PAINTING |
| 650 | 0 | 4 | _aTOPHAPI MUSEUM |
| 650 | 0 | 4 | _aISLAM - ARTS |
| 942 |
_2ddc _cBK |
||
| 999 |
_c14932 _d14932 |
||